<?xml version="1.0" encoding="UTF-8"?>
<record
    xmlns:xsi="http://www.w3.org/2001/XMLSchema-instance"
    xsi:schemaLocation="http://www.loc.gov/MARC21/slim http://www.loc.gov/standards/marcxml/schema/MARC21slim.xsd"
    xmlns="http://www.loc.gov/MARC21/slim">

  <leader>02477pam a22003134a 4500</leader>
  <controlfield tag="001">14906073</controlfield>
  <controlfield tag="003">OSt</controlfield>
  <controlfield tag="005">20211110163259.0</controlfield>
  <controlfield tag="008">070627s2007    moua     b    001 0 eng  </controlfield>
  <datafield tag="010" ind1=" " ind2=" ">
    <subfield code="a">  2007277292</subfield>
  </datafield>
  <datafield tag="020" ind1=" " ind2=" ">
    <subfield code="a">0323017398</subfield>
  </datafield>
  <datafield tag="040" ind1=" " ind2=" ">
    <subfield code="a">DLC</subfield>
    <subfield code="c">DLC</subfield>
    <subfield code="d">DLC</subfield>
  </datafield>
  <datafield tag="050" ind1="0" ind2="0">
    <subfield code="a">RC440.K36 </subfield>
  </datafield>
  <datafield tag="082" ind1="0" ind2="0">
    <subfield code="a">616.89/0231</subfield>
    <subfield code="2">22</subfield>
  </datafield>
  <datafield tag="100" ind1="1" ind2=" ">
    <subfield code="a">Keltner, Norman L.</subfield>
  </datafield>
  <datafield tag="245" ind1="1" ind2="0">
    <subfield code="a">Psychiatric nursing. /</subfield>
    <subfield code="c">Norman L. Keltner, Lee Hilyard Schwecke, Carol E. Bostrom.</subfield>
  </datafield>
  <datafield tag="250" ind1=" " ind2=" ">
    <subfield code="a">4th ed.</subfield>
  </datafield>
  <datafield tag="260" ind1=" " ind2=" ">
    <subfield code="a">St. Louis :</subfield>
    <subfield code="b">Mosby/Elsevier,</subfield>
    <subfield code="c">2003.</subfield>
  </datafield>
  <datafield tag="300" ind1=" " ind2=" ">
    <subfield code="a">xxi, 638 p. :</subfield>
    <subfield code="b">ill. (col.) ;</subfield>
  </datafield>
  <datafield tag="505" ind1=" " ind2=" ">
    <subfield code="a">Contents:1. Introduction to psychiatric nursing -- Psychotherapeutic management in the continuum of care -- Models for working with psychiatric patients -- Legal issues -- Psychobiologic bases of behavior -- 2. Continuum of care: Continuum of care -- Hospital-based care -- Community-based care -- 3. Therapeutic nurse-patient relationship: Communication -- Nurse-patient relationship -- Nursing process -- Anxiety, coping and crisis -- Working with the aggressive patient -- Working with groups of patients -- Working with the family -- Cultural competence in psychiatric nursing -- Spirituality -- 4. Psychopharmacology: Antiparkinson drugs -- Antipsychotic drugs --- Antidepressant drugs -- Antimanic drugs -- Antianxiety drugs -- 5. Milieu management: Introduction to milieu management -- Variables affecting the therapeutic environment -- Therapeutic environment in different treatment settings -- 6. Psychopathology: Introduction to psychopathology -- Depression -- Bipolar disorders -- Anxiety-related somatoform and dissociative disorders -- Cognitive disorders -- Personality disorders -- Sexual disorders -- Substance-related disorders -- Dual diagnosis -- Eating disorders -- 7. Special therapies in psychiatric nursing -- Behavior therapies -- Somatic therapies -- Alternative and complementary therapies -- 8. Special populations in psychiatric nursing: Survivors of violence and trauma -- Child and adolescent psychiatric nursing -- Mental disorders in older adults -- Working with patients with HIV infection -- </subfield>
  </datafield>
  <datafield tag="650" ind1=" " ind2="0">
    <subfield code="a">Psychiatric nursing.</subfield>
  </datafield>
  <datafield tag="650" ind1=" " ind2="0">
    <subfield code="a">Psychotherapy.</subfield>
  </datafield>
  <datafield tag="650" ind1=" " ind2="0">
    <subfield code="a">Nurse and patient.</subfield>
  </datafield>
  <datafield tag="700" ind1="1" ind2=" ">
    <subfield code="a">Schwecke, Lee Hilyard.</subfield>
  </datafield>
  <datafield tag="700" ind1="1" ind2=" ">
    <subfield code="a">Bostrom, Carol E.</subfield>
  </datafield>
  <datafield tag="906" ind1=" " ind2=" ">
    <subfield code="a">7</subfield>
    <subfield code="b">cbc</subfield>
    <subfield code="c">origcop</subfield>
    <subfield code="d">2</subfield>
    <subfield code="e">ncip</subfield>
    <subfield code="f">20</subfield>
    <subfield code="g">y-gencatlg</subfield>
  </datafield>
  <datafield tag="942" ind1=" " ind2=" ">
    <subfield code="2">lcc</subfield>
    <subfield code="c">BK</subfield>
  </datafield>
  <datafield tag="999" ind1=" " ind2=" ">
    <subfield code="c">7940</subfield>
    <subfield code="d">15440</subfield>
  </datafield>
  <datafield tag="952" ind1=" " ind2=" ">
    <subfield code="0">0</subfield>
    <subfield code="1">0</subfield>
    <subfield code="2">lcc</subfield>
    <subfield code="4">0</subfield>
    <subfield code="7">0</subfield>
    <subfield code="a">WIUC-KL</subfield>
    <subfield code="b">WIUC-KL</subfield>
    <subfield code="c">NURS L.</subfield>
    <subfield code="d">2019-08-08</subfield>
    <subfield code="l">0</subfield>
    <subfield code="o">RC440.K36(4e)</subfield>
    <subfield code="p">KSN/438/19</subfield>
    <subfield code="r">2021-11-05 00:00:00</subfield>
    <subfield code="w">2021-11-05</subfield>
    <subfield code="y">BK</subfield>
  </datafield>
</record>
